[Event "Morelia/Linares 24th"]
[Site "Morelia/Linares"]
[Date "2007.03.06"]
[Round "11"]
[White "Aronian, Levon"]
[Black "Leko, Peter"]
[Result "1/2-1/2"]
[WhiteElo "2744"]
[BlackElo "2749"]
[Annotator "Marin,M"]
[PlyCount "81"]
[EventDate "2007.02.17"]
[EventType "tourn"]
[EventRounds "14"]
[EventCountry "ESP"]
[EventCategory "20"]
[SourceTitle "CBM 117"]
[Source "ChessBase"]
[SourceDate "2007.03.30"]
[SourceVersion "1"]
[SourceVersionDate "2007.03.30"]
[SourceQuality "1"]

1. d4 Nf6 2. c4 e6 3. g3 c5 4. Nf3 cxd4 5. Nxd4 Bb4+ 6. Bd2 ({Maintaining the
game within Catalan paths.} 6. Nc3 {would have transposed to a Nimzo Indian.})
6... Bc5 ({The alternative is} 6... Be7 7. Bg2 O-O 8. O-O d5 {, when the
bishop is not optimally placed on d2.}) 7. Nb3 Be7 8. Bg2 Nc6 9. Nc3 b6 10. Bf4
(10. Nd5 $5 Ba6 (10... exd5 11. cxd5 Bb7 12. dxc6 dxc6 13. O-O $14) 11. Nxe7
Qxe7 12. Rc1 Rc8 13. c5 $14 {Gelfand,B (2729)-Navara,D (2719)/Prague 2006/TWIC
614 (0-1, 84)}) 10... O-O 11. O-O Bb7 12. e4 d6 $146 {Finally, we have reached
a Hedgehog type of position. The main drawback of Black's development is the
presence of the queen's knight on c6 rather than on d7. This leaves the c5-
and b6-squares insufficiently defended.} (12... Rc8 13. Nb5 $14 {Boesveld,M 
(2240)-Van Doorn,R/Netherlands 1995/EXT 99 (1-0, 31)}) 13. Qe2 Qc7 {An
ambitious continuation. Black does not wish to spend a tempo on the
prophylctical ...a6.} (13... a6 14. Rac1 ({Black seems to be OK after} 14. e5
dxe5 15. Bxe5 Qc8 {, too.}) 14... Ne5 (14... Qc7 $2 15. Nd5 $16) (14... Qb8 15.
c5 $14) 15. c5 bxc5 16. Nxc5 Bc6 17. Rfd1 Qb6 $13) (13... Ne5 14. c5 bxc5 15.
Nxc5 Bc6 16. Rfd1 Qc7 17. Nb3 Rac8 18. Rac1 Qb8 19. Na5 Ba8 $13) 14. Nb5 (14.
Rac1 Ne5 15. Nb5 Qb8 16. Rfd1 a6 17. N5d4 Qc7 {looks very much OK for Black.
The placement of White's knights fails to impress.}) 14... Qb8 15. Rad1 (15. c5
$6 bxc5 16. Nxc5 Bc8 $1 {[%cal Ye6e5]} 17. e5 $6 dxe5 18. Bxc6 exf4 19. Bxa8
Bxc5 $1 20. Rac1 (20. Bg2 fxg3 21. hxg3 Qxg3 $17) 20... fxg3 21. Rxc5 gxh2+ 22.
Kh1 Qxa8+ $44) 15... Rd8 $6 (15... Ne5 $5 $132 {[%cal Ya7a6,Yf8c8]}) 16. c5 $1
$14 {Taking advantage of the aforementioned negative aspect regarding the
arangement of Black's pieces.} bxc5 (16... e5 17. cxd6 Bxd6 18. Bg5 Be7 19. Nc3
$5 $14) 17. Nxc5 e5 (17... Bc8 {is less efficient now:} 18. e5 dxe5 19. Rxd8+
Bxd8 {This is the difference. The bishop has been forced to occupy a more
passive position, failing to bother the enemy king.} 20. Bxc6 exf4 21. Bxa8
Qxa8 22. Rd1 Be7 23. Nd6 $14) 18. Nxb7 Qxb7 19. Bc1 $5 {[%cal Yb2b3,Yc1a3]
White's pair of bishops is not too active yet, while the black centre invites
to permanent surveillance. Chances are approximately equal.} Qa6 20. b3 Rab8
21. Nd4 Qxe2 22. Nxe2 Nb4 23. Nc3 $6 (23. Rd2 $5 $14 {[%cal Yc1a3,Yf1d1]})
23... Rdc8 24. Bb2 $2 ({White obviously underestimated Black's dynamic
potential.} 24. Bd2 {was imperative, although Black would have retained a
comfortable position with} Bd8 {followed by ...Bb6.}) 24... Nxa2 $1 25. Nxa2
Rc2 26. Bxe5 dxe5 27. Nc1 {White has managed to maintain the material equality,
but his position has become very passive.} Bc5 ({This move allows White obtain
certain counterplay. A policy of calmly strengthening his position starting
with, say,} 27... a5 $5 {followed by ...h5 might have been more promissing.})
28. Nd3 Bd4 29. Ne1 Re2 30. Nf3 Rxe4 31. Nd2 Rg4 32. Bh3 Rg6 33. Nf3 Rh6 34.
Bg2 Rh5 35. h3 Rf5 36. Nxd4 exd4 37. Rxd4 Rfb5 38. Ra1 a5 39. Bf1 Rxb3 40. Rxa5
R3b7 41. Kg2 1/2-1/2

[Event "Dortmund SuperGM 26th"]
[Site "Dortmund"]
[Date "1998.07.02"]
[Round "6"]
[White "Beliavsky, Alexander G"]
[Black "Adams, Michael"]
[Result "0-1"]
[WhiteElo "2670"]
[BlackElo "2670"]
[Annotator "Mikhalchishin,A"]
[PlyCount "79"]
[EventDate "1998.06.26"]
[EventType "tourn"]
[EventRounds "9"]
[EventCountry "GER"]
[EventCategory "18"]
[SourceTitle "CBM 066"]
[Source "ChessBase"]
[SourceDate "1998.09.30"]
[SourceVersion "1"]
[SourceVersionDate "1998.09.30"]
[SourceQuality "1"]

1. d4 Nf6 2. c4 e6 3. g3 c5 4. Nf3 cxd4 5. Nxd4 Bb4+ 6. Bd2 Qb6 7. Bxb4 Qxb4+
8. Nc3 O-O 9. Qb3 Qc5 (9... Qxb3 10. axb3 Nc6 11. e3 $14) 10. Rd1 a6 (10... Nc6
11. Qb5 $1 Qe7 12. Bg2 $16) 11. Bg2 Nc6 12. Nxc6 dxc6 $5 {N} (12... bxc6 13.
O-O d5 14. Na4 $1 Qa5 15. Qc2 Ra7 16. a3 $16) 13. O-O e5 (13... b5 14. cxb5
axb5 15. Rc1 $16) 14. Na4 Qe7 15. Qb6 $14 (15. Nb6 Rb8 16. Qc3 Nd7) 15... Be6
16. b3 Rad8 17. h3 h5 18. Qe3 $6 (18. Qa7 $1 $14) 18... Bf5 19. Nc5 a5 20. Na4
(20. f4 e4 $13) 20... Qc7 (20... b5 21. Nb6 Qc7 22. cxb5 cxb5 23. Rc1 $14) 21.
Nb6 Rfe8 22. c5 Be6 23. Qg5 (23. Qc3 Nd5 24. Qxa5 Ra8 $1 $11) 23... Bd5 24.
Rfe1 (24. Rd2 $5) 24... Bxg2 25. Kxg2 Qe7 26. Rxd8 $6 (26. Na4 $5) 26... Rxd8
27. Rc1 Rd4 (27... g6 {/\ Nd5}) 28. Nc8 Qe6 29. Nd6 g6 (29... Qd5+ 30. Kh2 Rd2
31. Nf5 {->}) 30. Rc4 (30. Rc2 $5 Qd5+ 31. f3 {/\ e4}) 30... b5 (30... b6 $5)
31. Rxd4 exd4 32. Qf4 Nd5 (32... Qd5+ 33. Kh2 Kg7 34. g4 {/\ g5}) 33. Qxd4 Qxe2
34. a4 bxa4 (34... b4 35. Nc4 {/\ Na5}) 35. bxa4 f5 36. Nc4 h4 $5 37. Qxh4 $2 (
37. Nxa5 hxg3 (37... Qa6 $14 {>=}) 38. Nxc6 gxf2 39. Qxd5+ Kh7 40. Qf7+ Kh6 41.
Qf8+ Kh5 42. Qh8+ Kg5 43. h4+ $18) 37... f4 $1 $17 38. Qd8+ $2 (38. Qg4 Qxc4
39. Qxg6+ Kf8 40. Qd6+ Kf7 41. Qxc6 Qe4+ 42. Kh2 Qf3) 38... Kh7 39. Qd7+ Kh6
40. gxf4 0-1

[Event "URS-ch45 First League"]
[Site "Baku"]
[Date "1977.??.??"]
[Round "12"]
[White "Rashkovsky, Nukhim N"]
[Black "Tukmakov, Vladimir B"]
[Result "0-1"]
[WhiteElo "2510"]
[BlackElo "2540"]
[Annotator "Moiseev,V"]
[PlyCount "68"]
[EventDate "1977.??.??"]
[EventType "tourn"]
[EventRounds "17"]
[EventCountry "URS"]
[EventCategory "10"]
[SourceTitle "MCL"]
[Source "ChessBase"]
[SourceDate "1999.07.01"]
[SourceVersion "1"]
[SourceVersionDate "1999.07.01"]
[SourceQuality "1"]

1. Nf3 Nf6 2. c4 c5 3. d4 cxd4 4. Nxd4 e6 5. g3 Qa5+ 6. Nc3 (6. Bd2 Qb6 7. Bc3
e5 $5 {N} (7... Ne4 8. Qb3 $1 $14 {Razuvaev/}) 8. Nb3 (8. Nf3 $2 Ne4 $17) 8...
Qc6 9. f3 d5 (9... Qxc4 10. Bxe5 Nc6 $13 {Razuvaev/}) 10. cxd5 Nxd5 11. Bd2 Qb6
12. e4 Nf6 13. Bc4 Nc6 14. Nc3 Bb4 15. a3 Bxc3 16. Bxc3 Be6 $1 17. Bxe6 fxe6
$15 {Pribyl,J-Razuvaev,Y/Helsinki/1984/}) (6. Nd2 Qb6 $5 {N} (6... Nc6 7. N4b3
(7. Nxc6 bxc6 8. Bg2 d5 9. O-O Be7 10. Qc2 O-O $10 {Pavlovic,D-De Firmian,N/
Nis/1981/}) 7... Qh5 (7... Qc7 8. e3 $5 (8. Bg2 Ne5 9. O-O Nxc4 10. Qc2 d5 11.
Nxc4 dxc4 12. Nd2 c3 $1 $10 {Pavlovic/}) 8... b6 9. Bg2 Bb7 10. O-O Ne5 11.
Bxb7 Qxb7 12. Qe2 Be7 13. e4 $14 {Pavlovic,D-Karlsson,L/Nis/1981/0,5/ (50) Inf
32/67/}) 8. Bg2 d5 9. O-O Be7 10. e4 $14 {Karpov,A-Romanishin,O/Tilburg/1979/0,
5/34/}) 7. N4f3 (7. N4b3 Qc6) 7... Bc5 8. e3 d5 9. Bg2 Nc6 10. O-O O-O 11. cxd5
(11. a3 a5 $13 {Adams,M}) 11... exd5 12. Nb3 Be7 13. Bd2 Bg4 14. Bc3 Rad8 15.
h3 Bh5 $13 {Adams,M-Ward,Ch/London/1992/0,5/41/}) 6... Ne4 7. Bd2 Nxd2 8. Qxd2
a6 9. Bg2 Be7 (9... Bb4 10. Rc1 $14) 10. O-O O-O 11. Rfd1 {/\ 12.Nc3-d5} Qc7
12. Rac1 d6 13. Qe3 Re8 14. b4 Nd7 (14... Nc6 $6 15. Nd5 $16) (14... Bf8 15. c5
$1 (15. Nd5 $2 Qd8) 15... dxc5 (15... d5 $2 16. Nxd5 $18) 16. bxc5 Bxc5 17. Nd5
(17. Ne4 Bxd4 18. Rxc7 (18. Qxd4 Nc6 $13) 18... Bxe3 19. Nd6 Rd8 20. Rxc8 Rxc8
21. Nxc8 Nc6 $1 22. Bxc6 Rxc8 23. Bxb7 Rc1 $1 $14) 17... Qd8 (17... Qa5 18.
Rxc5 Qxc5 19. Rc1 Qd6 20. Nc7) 18. Rxc5 exd5 19. Rxd5 Nd7 20. Qc3 $16) 15. Nxe6
$5 (15. c5 dxc5 16. bxc5 Nxc5 17. Nf5 Rb8 $13 {/\ b7-b6} (17... exf5 18. Nd5
$18) (17... Bf8 18. Nd5 $1 Qa5 19. Nh6+ $18)) 15... fxe6 16. Qxe6+ Kh8 17. Nd5
Qd8 18. Nxe7 Rxe7 19. Qxd6 Qe8 $1 20. c5 Ne5 (20... Rxe2 $2 21. c6 bxc6 22.
Bxc6 Ra7 23. Qd4 (23. Bf3 $1 Re5 24. Qd4 $18) 23... Rc7 24. Bxd7 Rxd7 25. Rxc8
Qxc8 26. Qxd7 Re1+ 27. Kg2 $18) 21. Qb6 $6 (21. Qd8 $5 $13) (21. c6 $5 bxc6 (
21... Nxc6 $2 22. Rxc6 $1 Rd7 23. Rxc8 $18) 22. f4 Nf7 23. Qxc6 $14) 21... Bg4
$1 22. Bxb7 $2 (22. Rd2 $142) 22... Rb8 $17 23. c6 Nxc6 24. Qxc6 Rexb7 25.
Qxe8+ Rxe8 26. f3 Bh5 $1 $19 27. g4 Bf7 28. a3 Rxe2 29. Rd8+ Be8 30. Rcc8 Rbe7
31. a4 Kg8 32. b5 axb5 33. axb5 Kf7 34. b6 Rb2 0-1

[Event "Bundesliga 0405"]
[Site "Germany"]
[Date "2004.12.11"]
[Round "5.3"]
[White "Rustemov, Alexander"]
[Black "Ribli, Zoltan"]
[Result "1-0"]
[WhiteElo "2602"]
[BlackElo "2603"]
[Annotator "Mueller,Karsten"]
[PlyCount "81"]
[EventDate "2004.11.12"]
[EventType "team-tourn"]
[EventRounds "15"]
[EventCountry "GER"]
[SourceTitle "CBM 105"]
[Source "ChessBase"]
[SourceDate "2005.04.11"]
[SourceVersion "1"]
[SourceVersionDate "2005.04.11"]
[SourceQuality "1"]
[WhiteTeam "Wattenscheid"]
[BlackTeam "Tegernsee"]
[WhiteTeamCountry "GER"]
[BlackTeamCountry "GER"]

1. c4 c5 2. Nf3 Nf6 3. d4 cxd4 4. Nxd4 e6 5. g3 Qc7 6. Bg2 Qxc4 7. O-O Nc6 8.
Nb3 Be7 9. Nc3 O-O 10. e4 d5 11. exd5 exd5 12. Nxd5 Nxd5 13. Bxd5 Qg4 14. Bf4
Rd8 15. Bc7 Qxd1 16. Raxd1 Rd7 17. Bf4 Nb4 18. Bf3 Rxd1 19. Rxd1 Nxa2 20. Na5
Be6 21. Nxb7 Rc8 22. Be3 a6 23. Bd5 Bxd5 24. Rxd5 h6 25. Rd7 Kf8 26. Nd6 Rd8
27. Rxd8+ Bxd8 28. Bd4 g6 29. g4 Ke7 30. Nb7 Bc7 31. Be3 Be5 32. b3 Nc3 33. Kg2
g5 34. Nc5 a5 35. Bd2 Bd4 36. Na4 Nxa4 37. bxa4 Bb6 38. f4 f5 $2 (38... f6 $2
39. Kf3 Bc7 40. Ke4 Ke6 41. f5+ Kd6 42. Bc3 Bd8 43. Kd4 Kc6 44. Kc4 $18) (38...
Kf6 $1 {war kritisch, z.B.} 39. h4 (39. Bc3+ Ke6 (39... Kg6 $2 40. f5+ Kh7 41.
Kf3 $18) 40. Bg7 f5 $11) 39... gxh4 40. Kh3 Bd8 {und es ist nicht klar, ob
Weiß gewinnen kann.}) 39. fxg5 hxg5 40. Bxg5+ Ke6 41. Kf3 (41. Kf3 fxg4+ 42.
Kxg4 Bc5 43. h4 Bb4 44. h5 Bc3 45. h6 Kf7 46. Kf5 Kg8 47. Kg6 Ba1 48. h7+ Kh8
49. Bd2 $18) 1-0

[Event "Bundesliga 0102"]
[Site "Germany"]
[Date "2001.10.07"]
[Round "2.5"]
[White "Pelletier, Yannick"]
[Black "Schmittdiel, Eckhard"]
[Result "1-0"]
[WhiteElo "2531"]
[BlackElo "2490"]
[Annotator "Pelletier,Y"]
[PlyCount "79"]
[EventDate "2001.10.06"]
[EventType "team-tourn"]
[EventRounds "15"]
[EventCountry "GER"]
[SourceTitle "EXT 2002"]
[Source "ChessBase"]
[SourceDate "2001.11.25"]
[SourceVersion "1"]
[SourceVersionDate "2001.11.25"]
[SourceQuality "1"]
[WhiteTeam "Werder Bremen"]
[BlackTeam "Stuttgart"]
[WhiteTeamCountry "GER"]
[BlackTeamCountry "GER"]

1. Nf3 c5 2. c4 Nc6 3. d4 cxd4 4. Nxd4 Qb6 5. Nb3 Nf6 6. Nc3 e6 7. Bg5 (7. a3 {
ist eine brauchbare Alternative.}) 7... Bb4 ({Aktiver als} 7... Be7 8. e4 O-O
9. Be2 $14 Ng4 $140 $2 10. c5) 8. Bxf6 gxf6 9. Rc1 O-O $6 ({Vorzuziehen sind} 
9... Na5 $1 10. e3 Nxb3 11. Qxb3 Bc5 12. Qc2 Qc6 (12... Be7 $5 $13 {/\ d6}) 13.
a3 f5 14. Nd5 $5 Be7 15. Nxe7 Kxe7 16. c5 b6 17. cxb6 Qxb6 18. Qc5+ Qxc5 19.
Rxc5 Bb7 $11 {Stangl-Tolnai, Kecskemet 1990}) ({und} 9... a5 10. a3 a4 11. axb4
axb3 12. Qxb3 Qxb4 (12... Nxb4 13. Ne4) 13. Qxb4 Nxb4 14. g3 (14. c5 $142 Ke7
15. e4 $14) 14... d6 15. Bg2 Ke7 16. O-O Rd8 17. Ra1 Ra6 $11 {Kavalek-Pietzsch,
Harrachov 1966}) 10. e3 (10. a3 Be7 {/\ d6}) (10. e4 a5) 10... Ne5 $2 ({
Es funktionniert nicht mehr so gut} 10... a5 $6 11. a3 a4 12. axb4 axb3 13. b5
{[%csl Rb3] , da das Feld d4 unzugänglich ist}) ({Nötig war} 10... Be7 {
, da Weiss nun viele Tempis gewinnen kann.}) 11. a3 Be7 (11... Bxc3+ 12. Rxc3
$16 {[%cal Gf2f4]}) 12. c5 Qd8 (12... Qc6 {war besser.}) 13. f4 $1 Ng6 ({
Auch im Fall von} 13... Nc6 14. Bd3 f5 15. g4 {kommt Weiss zum Angriff}) 14. h4
$1 {[%csl Rg6]} Re8 (14... f5 15. h5 Nh8 (15... Bh4+ 16. Kd2 Nh8 17. g4 $18)
16. g4 $16) 15. h5 Nf8 16. Nb5 f5 17. g4 $5 ({In den letzten Zügen wurden alle
schwarze Figuren zurückgedrängt. Nach dem Textzug findet der Nachziehende aber
noch einen Weg, praktische Komplikationen herbeizuführen. Nach} 17. Nd6 Bxd6
18. cxd6 {[%cal Gg2g4,Gh1g1] hätte Weiss über einen eindeutigen und sicheren
Vorteil verfügt.}) 17... e5 $1 {[%cal Ye8e1]} 18. gxf5 ({Um mich für diesen
Zug zu entschieden, brauchte ich viel Zeit. Mir scheint, dass er der
direkteste Weg ist, aber die Alternativen lockten mich auch an:} 18. Qd5 $5 d6
$140 19. gxf5 $18) (18. Bc4 d5 $5 19. cxd6 $1 Bh4+ 20. Kf1 exf4 21. gxf5 $1
Rxe3 (21... Bxf5 22. Nc7 Rxe3 23. Nxa8) 22. Qd5 $18) 18... exf4 19. Rg1+ Bg5
20. Rc3 $1 ({Es ist wichtig, e3 zu beschützen. Nach} 20. Nd6 Rxe3+ 21. Kf2 h6 (
21... Qf6 22. Bc4) 22. Bc4 Kh7 23. Nxf7 Qf6 {wäre die Stellung noch
durcheinander.}) 20... d5 (20... Rxe3+ 21. Rxe3 fxe3 22. Nd6 $18 {[%csl Rc8,
Yf7]}) 21. Nd6 Re5 (21... Rxe3+ 22. Rxe3 fxe3 23. Qxd5 $18) 22. Qd4 Nd7 23. Bb5
(23. Kd1 {schien mir zuerst attraktiv, aber dann verstand ich, dass die
Partiefolge viel besser ist als} fxe3 (23... f3 24. Nd2 $1) 24. Rxe3 Rxe3 25.
Qxe3 h6) 23... Kf8 (23... Qf6 24. Nxc8 Rxc8 25. Bxd7 $18) 24. Bxd7 Bf6 25. Qxf4
Bxd7 (25... Qxd7 26. Qh6+ Ke7 27. Rg8 $18) 26. Qh6+ Ke7 27. Nxf7 {Weiss
gewinnt damit forciert die Qualität, wonach die Aufgabe nicht mehr schwierig
ist.} Qf8 28. Qxf8+ Rxf8 29. Nxe5 Bxe5 30. Nd4 Bxf5 31. Rg5 $1 {Diese
taktische Fortsetzung bringt die Partie zu Ende.} Bf6 32. Nxf5+ (32. Rxf5 Bxd4)
32... Kd7 33. Rg7+ $1 Bxg7 34. Nxg7 Rf7 35. h6 Rf6 36. Rd3 Kc6 37. b4 a5 38.
Nh5 Rxh6 39. Nf4 axb4 40. axb4 1-0

[Event "Haninge"]
[Site "Haninge"]
[Date "1992.??.??"]
[Round "6"]
[White "Cifuentes Parada, Roberto"]
[Black "Wedberg, Tom Birger"]
[Result "1/2-1/2"]
[WhiteElo "2540"]
[BlackElo "2465"]
[Annotator "Ribli,Z"]
[PlyCount "84"]
[EventDate "1992.05.??"]
[EventType "schev"]
[EventRounds "5"]
[EventCountry "SWE"]
[SourceTitle "CBM 030"]
[Source "ChessBase"]
[SourceDate "1992.10.01"]
[SourceVersion "1"]
[SourceVersionDate "1992.10.01"]
[SourceQuality "1"]

1. d4 Nf6 2. Nf3 e6 3. c4 c5 4. Nc3 cxd4 5. Nxd4 Bb4 6. Bd2 Nc6 7. a3 Bc5 8.
Nb3 Be7 9. Bg5 (9. Bf4 O-O 10. Rc1 d5 11. cxd5 Nxd5 12. Nxd5 exd5 13. e3 Bf6
14. Qc2 d4 $13 {Speelman,J-Chandler,M Hastings 1990 CBM/22 51/(46)}) 9... d5 $6
(9... h6 $5 10. Bh4 O-O 11. e3 b6 12. Be2 Ba6 $10 {Stohl-Khalifman Manila izt
1990 49/(50)}) 10. cxd5 exd5 11. e3 O-O 12. Be2 Be6 13. O-O h6 14. Bh4 Rc8 15.
Nd4 Qd7 16. Rc1 Rfd8 17. Bb5 $1 $14 a6 18. Nxc6 bxc6 19. Bxa6 Rb8 20. Qe2 Qa7
21. Bd3 c5 22. h3 (22. Nb5 Qb6 23. a4 c4 24. Bc2 Bd7 $44) 22... c4 23. Bb1 Rb3
24. Rfd1 Qa5 25. Ba2 Rb7 26. Rd2 Rdb8 27. Bg3 Rc8 28. Qd1 Rc6 29. Be5 Nd7 $1 (
29... Rcb6 30. Bxf6 Bxf6 31. Nxd5 $16) 30. Bd4 Nc5 31. Bxc5 Rxc5 32. Bb1 Bf6
33. Qf3 Bxc3 34. Rxc3 Rxb2 35. Rxb2 Qxc3 36. Rb8+ Rc8 37. Rxc8+ Bxc8 38. Qxd5
Qc1+ 39. Kh2 Qxb1 40. Qd8+ Kh7 41. Qxc8 Qc2 42. a4 Qxa4 1/2-1/2

[Event "Bern op"]
[Site "Bern"]
[Date "1992.??.??"]
[Round "6"]
[White "Tukmakov, Vladimir B"]
[Black "Tolnai, Tibor"]
[Result "1/2-1/2"]
[WhiteElo "2535"]
[BlackElo "2490"]
[Annotator "Ribli,Z"]
[PlyCount "100"]
[EventDate "1992.02.??"]
[EventType "swiss"]
[EventRounds "9"]
[EventCountry "SUI"]
[SourceTitle "CBM 028"]
[Source "ChessBase"]
[SourceDate "1992.06.01"]
[SourceVersion "1"]
[SourceVersionDate "1992.06.01"]
[SourceQuality "1"]

1. d4 Nf6 2. c4 e6 3. g3 c5 4. Nf3 cxd4 5. Nxd4 Bb4+ 6. Bd2 Qb6 7. e3 Bc5 (7...
Nc6 $5) 8. Nb3 Qc6 9. Rg1 Be7 10. Nc3 O-O (10... a6 11. g4 d6 12. Rc1 Qc7 13.
g5 Nfd7 14. Ne4 Nc6 15. Bc3 e5 16. Qf3 $16 {Vladimirov-Maculski URS 1976}) 11.
g4 $1 d6 12. Qe2 a6 13. g5 Nfd7 14. f4 Re8 15. O-O-O $14 Qc7 16. Kb1 Nc6 17.
Bg2 (17. Rc1 $5) 17... b5 $5 18. Rc1 (18. cxb5 $2 axb5 19. Nxb5 Qb6 20. Rc1 Bb7
$44) 18... Bb7 19. Nd5 exd5 20. cxd5 Nc5 21. dxc6 Bxc6 22. Nd4 Bxg2 23. Qxg2
Qb7 24. Qxb7 Nxb7 25. Nf5 Nc5 26. Bc3 Bf8 27. Nh6+ Kh8 28. Rgd1 b4 $1 29. Nxf7+
(29. Bd4 Ne6 $13) 29... Kg8 30. Nxd6 Bxd6 (30... bxc3 $2 31. Nxe8 cxb2 32. Rxc5
Bxc5 33. Nc7 Rc8 34. Rd7 $16) 31. Bxb4 Nd3 $1 32. Bxd6 Nxc1 33. Rxc1 Rxe3 34.
Be5 g6 35. a4 a5 36. Rc5 (36. Rc7 Rh3 $10) 36... Rh3 37. Ka2 Rxh2 38. Kb3 Re2
39. Rc7 Rb8+ 40. Kc3 Rbxb2 41. Rg7+ Kf8 42. Ra7 Rec2+ 43. Kd4 Rb4+ 44. Kd3 Rc6
45. Rxa5 Kf7 46. Ra7+ Ke6 47. Rxh7 Rxa4 48. Rg7 Kf5 49. Rf7+ Kg4 50. Rf6 Rxf6
1/2-1/2